000 nam a22 7a 4500
999 _c55427
_d55427
003 OSt
005 20220811141602.0
008 220811b xxu||||| |||| 00| 0 eng d
040 _cIIMT UNIVERSITY
100 _aYADAV, D.S
245 _aSANKHIKI KI VIWAHARIK SAMASYAYEN
260 _aMEERUT
_bRAJHANS
_c1974
300 _a398
942 _2ddc
_c09